000 00647nam a2200241Ia 4500
008 160319s9999 xx 000 0 und d
020 _a971-9928-231-2
050 _aFIL PE 1112
050 _b.C37 2008
100 _aCarillo, Jose A.
245 _aEnglish plain and simple :
245 _bno-nonsense ways to learn today's global language /
245 _cJose A. Carillo.
250 _a2nd Ed.
260 _aManila:
260 _bThe Manila Times Pub. Corp.,
260 _c2008
300 _a472 pages :
300 _billustrations ;
300 _c25 cm.
500 _aIncludes index.
650 _aEnglish language -- Grammar.
999 _c291730
_d291730